000 02317cam a22005174i 4500
003 PE-LiUPU
005 20250731173258.0
008 150616s r 000 0 d
035 _a(Sirsi) a3590
040 _aPE-LiUPU
_bspa
_cPE-LiUPU
_dPE-LiUPU
_erda
049 _aPRUA
082 0 4 _a262.52
_bG543p
_223
100 1 _aGladstone, W. E.,
_d1809-1898
_eautor.
245 1 3 _aEl Papa y el poder civil, obra en tres partes :
_ba que se agregan El syllabus papal de errores ; y Los decretos dogmáticos del Concilio, en latín y castellano /
_cW. E. Gladstone.
264 1 _aNueva York :
_bSociedad Americana de Tratados,
_c19 0.
300 _a320 páginas ;
_c20 centímetros.
336 _atext
_2rdacontent
337 _aunmediated
_2rdamedia
338 _avolume
_2rdacarrier
504 _aIncluye notas bibliográficas.
505 0 _aI. Los decretos del Vaticano examinados bajo el punto de vista de su influencia sobre la fidelidad a los pobres civiles. II. Vaticanismo: Respuestas a varias censuras y réplicas. III. Historia del concilio del vaticano. Syllabus papal de errores -- Decretos dogmáticos del concilio del vaticano referentes a la fe Católica y a la iglesia de Cristo.
526 _aSEG42
526 _aSEG41
526 _aSEG40
526 _aSEG39
526 _aP94
526 _aP87
526 _aP86
526 _aP85
526 _aP77
526 _aP76
526 _aP35
611 1 4 _aConcilio Vaticano
_92413
650 1 4 _aInfalibilidad papal
_92414
700 _aSchaff, Philip,
_d1819-1893
_eautor.
_92415
710 _aIglesia Católica.
_bPapa, (1846-1878)
_92416
910 _ajck
942 _2ddc
_cBK
_n0
949 _a262.52 G543p
_wDEWEY
_c1
_i00047
_lCCODEBUL1
_mBUL
_p00.00
_r0
_sY
_tBOOK
_u2015-04-23
_xTEOLOGIA
_zUNKNOWN
_0COMPRA
_o.STAFF. Colección General
949 _a262.13 G55
_wDEWEY
_c2
_i00061
_lCCODEBUL1
_mBUL
_p00.00
_r0
_sY
_tBOOK
_u2015-04-23
_xBIBLIOTECA
_zUNKNOWN
_0COMPRA
_o.STAFF. Colección General
949 _a262.13 G55
_wDEWEY
_c3
_i11050
_lCCODEBUL1
_mBUL
_p00.00
_r0
_sY
_tBOOK
_u2015-04-23
_xBIBLIOTECA
_zUNKNOWN
_0COMPRA
_o.STAFF. Colección General
980 _81
_gALBERTO SANCHEZ Responsable de Automatización
999 _c43914
_d43914